000 00358nam a2200181Ia 4500
005 20251104092443.0
020 _a9780645098
050 _aKP 116 .A3/
100 _aAderibigbe, M
245 0 _aFamliy law
250 _a1st ed.
260 _aLagos
260 _bGodas pub.
260 _c2004
300 _a228 p
650 _aLagos
942 _cBK
_2lcc
999 _c40410
_d40410